000 01094nam a2200313Ia 4500
001 Z_6214
003 CHAP
008 220113s1994 xx 000 0 und d
010 _a169457
040 _cCHAP
090 _aTesis R66 2193
100 _aRomero Luna, Concepción
_9144168
245 _aFuentes de progesterona y desarrollo folicular en borregas gestantes /
_cConcepción Romero Luna
260 _aMontecillo, México :
_bEl autor,
_c1994
300 _a66 h.
502 _aTesis (Maestro en Ciencias) -- Colegio de Postgraduados, 1994 \ Dirección: Miguel García Winder; asesoría: Arturo Pro Martínez y Ponciano Pérez Hernández
650 _aDesarrollo ovarico
_xFolículos
_9144169
650 _aGanado ovino
_xedad gestacional
_9144170
650 _aHormonas progestacionales
_9144171
700 _a Pérez Hernández, Ponciano, asesor
_9144172
700 _a Pro Martínez, Arturo, asesor
_9144173
700 _aGarcía Winder, Miguel, director
_9144174
901 _aTESIS R66 2193
902 _aM
910 _a1994
942 _c2
942 _c2
999 _c169457
_d169457